000 00493cam a22001932a 4500
001 023638
003 AR-FADEU
008 311216n1965####xxu####################dd
092 _a306.3
_bD213
_eBDT
100 _aDahrendorf, Ralf
245 _aSociología de la industria y de la empresa
260 _aMéxico
260 _bUTEHA
260 _c1965
300 _a172 p
440 _aManuales UTEHA
_n176
650 _aSOCIOLOGIA DE LA INDUSTRIA; INDUSTRIA-EMPRESA/BDT/
942 _cBDT
999 _c29328
_d29328